El testamento del papa / (Record no. 190642)

MARC details
000 -LEADER
campo de control de longitud fija 00908nam a2200289 i 4500
001 - NÚMERO DE CONTROL
campo de control 190642
003 - IDENTIFICADOR DE NÚMERO DE CONTROL
campo de control ES-MaACL
005 - FECHA Y HORA DE LA ÚLTIMA TRANSACCIÓN
campo de control 20240125134409.0
008 - DATOS DE LONGITUD FIJA--INFORMACIÓN GENERAL
campo de control de longitud fija 220228s2015 sp 001 f spa
020 ## - NÚMERO INTERNACIONAL ESTÁNDAR DEL LIBRO
Número Internacional Estándar del Libro 978-84-15497-73-8
080 ## - NÚMERO DE LA CLASIFICACIÓN DECIMAL UNIVERSAL
Número de la Clasificación Decimal Universal 821.131.1-31"19"
100 1# - ENTRADA PRINCIPAL--NOMBRE DE PERSONA
Nombre de persona Leoni, Giulio.
9 (RLIN) 174246
245 13 - MENCIÓN DEL TÍTULO
Título El testamento del papa /
Mención de responsabilidad, etc. Giulio Leoni ; [traducción, Miguel Ros González].
250 ## - MENCION DE EDICION
Mención de edición 1ª ed.
260 ## - PUBLICACIÓN, DISTRIBUCIÓN, ETC.
Lugar de publicación, distribución, etc. Sevilla :
Nombre del editor, distribuidor, etc. Bóveda,
Fecha de publicación, distribución, etc. 2015.
300 ## - DESCRIPCIÓN FÍSICA
Extensión 454 p. ;
Dimensiones 23 cm.
490 1# - MENCIÓN DE SERIE
Mención de serie Novela
594 ## - Nota al título y mención de responsabilidad
Nota al título y mención de responsabilidad Título original: Il testamento del papa
700 1# - ENTRADA AGREGADA--NOMBRE PERSONAL
Nombre de persona Ros González, Miguel.
9 (RLIN) 174247
830 1# - PUNTO DE ACCESO ADICIONAL DE SERIE-TÍTULO UNIFORME
Título uniforme Novela
9 (RLIN) 179893
852 4# - LOCALIZACIÓN
Ubicación ES-MaACL
Número de control de estantería A-14905
itemnumber 197821
Sublocalización o colección R.152288
Ubicación en estantería Depósito 1
Signatura antigua Olim: N-7905
Donativo/Legado Donación: José Lázaro
903 ## - NOMBRE PERSONAL DE DONANTE
9 234219
a Lázaro García, José
942 ## - ELEMENTOS DE ENTRADA SECUNDARIOS (KOHA)
Fuente del sistema de clasificación o colocación Clasificación decimal universal
Tipo de ítem Koha Libro impreso
Holdings
Estatus retirado Estado de pérdida Fuente del sistema de clasificación o colocación Estado de daño No para préstamo Biblioteca de origen Biblioteca actual Ubicación en estantería Fecha de adquisición Fuente de adquisición Total de préstamos Signatura topográfica completa Código de barras Visto por última vez Precio de reemplazo Tipo de ítem Koha
    Clasificación decimal universal     Biblioteca del Ateneo de Madrid Biblioteca del Ateneo de Madrid Depósito 1 28/02/2022 Donación   A-14905 1202862 23/02/2023 23/02/2023 Libro impreso